Beyond the racist hooligan couplet: race, social theory and football culture /
Na minha lista:
| Autor principal: | |
|---|---|
| Outros Autores: | |
| Formato: | Texto |
| Publicado em: |
London
|
| Assuntos: | |
| Tags: |
Adicionar Tag
Sem tags, seja o primeiro a adicionar uma tag!
|
MARC
| LEADER | 00000 a a2200000 04500 | ||
|---|---|---|---|
| 001 | 32674 | ||
| 003 | |||
| 040 | |||
| 090 | |a 203500 | ||
| 100 | |a Back, Les | ||
| 245 | |a Beyond the racist hooligan couplet: race, social theory and football culture / |c Les Back | ||
| 260 | |a London | ||
| 300 | |a pp. 419-442 | ||
| 500 | |a Publicado en: British Journal of Sociology, vol. 50 n°3 september, 1999 | ||
| 650 | |a DISCRIMINACION RACIAL | ||
| 650 | |a FUTBOL | ||
| 650 | |a NEGROS | ||
| 650 | |a EXTREMISMO | ||
| 650 | |a BLANCOS | ||
| 650 | |a INGLATERRA | ||
| 700 | |a Crabbe, Tim |a Solomos, John | ||
| 999 | |c 1612 |d 1612 | ||
